Innovations in life sciences / (Record no. 81235)
[ view plain ]
| 000 -LEADER | |
|---|---|
| fixed length control field | 00737nam a22002057a 4500 |
| 005 - DATE AND TIME OF LATEST TRANSACTION | |
| control field | 20131218145905.0 |
| 010 ## - LCCN (DPL NO) | |
| LC control number | ENG-108891 |
| 020 ## - INTERNATIONAL STANDARD BOOK NUMBER | |
| International Standard Book Number | 9788189972608 |
| Terms of availability | 1550.00 |
| 035 ## - SYSTEM CONTROL NUMBER | |
| System control number | EN-92424 |
| 037 ## - SOURCE OF ACQUISITION | |
| Source of stock number/acquisition | DBAD/PUB |
| 082 ## - DEWEY DECIMAL CLASSIFICATION NUMBER | |
| Classification number | 333.95160954 |
| 100 ## - MAIN ENTRY--PERSONAL NAME | |
| Personal name | Patro, Lingaraj |
| 245 ## - TITLE STATEMENT | |
| Title | Innovations in life sciences / |
| Statement of responsibility, etc | by Lingaraj Patro [and] Manish Chandra Verma |
| 260 ## - PUBLICATION, DISTRIBUTION, ETC. (IMPRINT) | |
| Place of publication, distribution, etc | New Delhi |
| Name of publisher, distributor, etc | Manglam Publishers and Distributors |
| Date of publication, distribution, etc | 2012 |
| 270 ## - ADDRESS | |
| Address | L-21/1, Street No.5, Shivaji Marg, Near Kali Mandir, J.P. Nagar, Kartar Nagar , West Ghonda |
| City | New Delhi |
| Postal code | 110053 |
| 300 ## - PHYSICAL DESCRIPTION | |
| Extent | 433p. |
| Dimensions | 23cm(Hb) |
| 500 ## - GENERAL NOTE | |
| General note | Includes bibliographical references |
| 700 ## - ADDED ENTRY--PERSONAL NAME | |
| Personal name | Verma, Manish Chandra |
| 942 ## - ADDED ENTRY ELEMENTS (KOHA) | |
| Source of classification or shelving scheme | Dewey Decimal Classification |
| Item type | English Books |
| Call number suffix | PAT |
| Classification part | 333.95160954 |
| Withdrawn status | Lost status | Not for loan | Collection code | Home library | Current library | Date acquired | Source of acquisition | Cost, normal purchase price | Full call number | Barcode | Copy number | Cost, replacement price | Koha item type |
|---|---|---|---|---|---|---|---|---|---|---|---|---|---|
| Not For Loan | Non-fiction | D.B.Act.Division | D.B.Act.Division | 18/12/2013 | DBAD/PUB | 1550.00 | 333.95160954 PAT | EN-92424 | 1 | 1550.00 | English Books |
